NBA Word Chain - Statistics

General Stats
  • This quiz has been taken 420 times
  • The average score is 4 of 15
Answer Stats
Hint Answer % Correct
Lebron James' royal nickname: ____ James King
100%
Maxey or Haliburton? Tyrese
56%
Last name of the man who invented Basketball Naismith
47%
Ferocious dunker who was missing a finger Gerald Green
38%
Team name who signed Patty Mills partway through the 2023-24 season Heat
35%
Holds the record for assists in a game with 30 Scott Skiles
26%
Son of legendary Portland center Domantas Sabonis
25%
Precious Achiuwa's country of origin Nigeria
25%
Don't Google his last name! Evan Fournier
24%
Brother of future HOFer who debuted in 2014 Seth Curry
20%
One of three undrafted players to win 6MOTY Naz Reid
13%
His nickname was Big Government during his time as a Clipper Reggie Jackson
12%
Pick #16 of the 2021 NBA Draft Alperen Sengun
11%
This undrafted North Carolina native was signed to the Hornets after the 2023 NBA Draft Leaky Black
7%
This player shares a last name with a funny actor, and shares their first name with a fictional bear Yogi Ferrell
7%
No matching quizzes found
Score Distribution
Percent of People with Each Score
Percentile by Number Answered
Your Score History
You have not taken this quiz